[Event "MSR_ch16"]
[Site "?"]
[Date "2024.04.06"]
[Round "2.1"]
[White "Earle, Dominic James"]
[Black "Elias, David"]
[Result "0-1"]
[BlackElo "2257"]
[WhiteElo "1849"]
[LiveChessVersion "1.4.8"]

1. Nf3 {[%clk 1:30:59]} c5 {[%clk 1:30:53]} 2. c3 {[%clk 1:31:23]} d5
{[%clk 1:29:11]} 3. d4 {[%clk 1:31:45]} e6 {[%clk 1:26:28]} 4. Bf4
{[%clk 1:31:39]} Bd6 {[%clk 1:25:36]} 5. Bxd6 {[%clk 1:28:46]} Qxd6
{[%clk 1:26:00]} 6. e3 {[%clk 1:29:12]} Nc6 {[%clk 1:25:07]} 7. Bd3
{[%clk 1:27:16]} Nf6 {[%clk 1:21:10]} 8. Nbd2 {[%clk 1:25:51]} O-O
{[%clk 1:21:18]} 9. O-O {[%clk 1:26:16]} e5 {[%clk 1:21:20]} 10. dxc5
{[%clk 1:02:47]} Qxc5 {[%clk 1:21:25]} 11. e4 {[%clk 1:03:13]} Bg4
{[%clk 1:15:42]} 12. h3 {[%clk 1:00:43]} Bh5 {[%clk 1:13:37]} 13. Qc2
{[%clk 0:50:54]} Bxf3 {[%clk 1:02:18]} 14. Nxf3 {[%clk 0:51:22]} dxe4
{[%clk 1:02:38]} 15. Bxe4 {[%clk 0:51:40]} Nxe4 {[%clk 1:03:05]} 16. Qxe4
{[%clk 0:52:07]} f5 {[%clk 1:03:19]} 17. Qa4 {[%clk 0:50:23]} Kh8
{[%clk 1:01:23]} 18. Rad1 {[%clk 0:48:28]} Rae8 {[%clk 0:56:41]} 19. Qb3
{[%clk 0:47:24]} Qe7 {[%clk 0:45:30]} 20. Rfe1 {[%clk 0:41:52]} e4
{[%clk 0:40:50]} 21. Nd4 {[%clk 0:41:03]} Ne5 {[%clk 0:40:37]} 22. Kf1
{[%clk 0:33:03]} Ng6 {[%clk 0:37:31]} 23. Qb5 {[%clk 0:17:45]} Qg5
{[%clk 0:32:34]} 24. Re3 {[%clk 0:16:32]} Qf4 {[%clk 0:27:12]} 25. Kg1
{[%clk 0:14:16]} Qc7 {[%clk 0:26:44]} 26. Rde1 {[%clk 0:12:10]} Re5
{[%clk 0:23:44]} 27. Qf1 {[%clk 0:10:18]} Nf4 {[%clk 0:21:23]} 28. f3
{[%clk 0:09:15]} Nd5 {[%clk 0:19:56]} 29. R3e2 {[%clk 0:09:29]} e3
{[%clk 0:18:39]} 30. f4 {[%clk 0:08:22]} Re4 {[%clk 0:18:08]} 31. g3
{[%clk 0:08:22]} g5 {[%clk 0:17:58]} 32. fxg5 {[%clk 0:08:02]} Qxg3+
{[%clk 0:17:58]} 33. Rg2 {[%clk 0:07:56]} Qxh3 {[%clk 0:10:56]} 34. g6
{[%clk 0:07:24]} Rg8 {[%clk 0:08:54]} 35. Qxf5 {[%clk 0:03:43]} Qxf5
{[%clk 0:08:42]} 36. Nxf5 {[%clk 0:04:07]} Rxg6 {[%clk 0:08:35]} 37. Rxg6
{[%clk 0:04:07]} hxg6 {[%clk 0:09:00]} 38. Ng3 {[%clk 0:03:58]} Re5
{[%clk 0:07:25]} 39. Kg2 {[%clk 0:03:53]} b5 {[%clk 0:07:09]} 40. Kf3
{[%clk 0:03:55]} Kg7 {[%clk 0:07:13]} 41. Ke2 {[%clk 0:03:42]} Kf6
{[%clk 0:01:33]} 42. Kd3 {[%clk 0:03:46]} Ke6 {[%clk 0:01:19]} 43. Ne2
{[%clk 0:04:06]} a6 {[%clk 0:30:03]} 44. b3 {[%clk 0:31:50]} g5 {[%clk 0:29:51]}
45. a3 {[%clk 0:32:10]} Nf4+ {[%clk 0:30:03]} 46. Kc2 {[%clk 0:31:43]} Nxe2
{[%clk 0:30:27]} 47. Rxe2 {[%clk 0:32:09]} Kf5 {[%clk 0:30:51]} 48. c4
{[%clk 0:31:47]} bxc4 {[%clk 0:31:15]} 49. bxc4 {[%clk 0:32:15]} Ke4
{[%clk 0:31:24]} 50. Kc3 {[%clk 0:32:31]} g4 {[%clk 0:31:38]} 51. Re1
{[%clk 0:31:57]} g3 {[%clk 0:32:04]} 52. a4 {[%clk 0:32:08]} g2 {[%clk 0:32:30]}
53. Kc2 {[%clk 0:32:16]} Kf3 {[%clk 0:32:21]} 54. Kd3 {[%clk 0:32:39]} e2
{[%clk 0:32:44]} 55. c5 {[%clk 0:32:48]} Rxc5 {[%clk 0:33:04]} 56. Rxe2
{[%clk 0:33:16]} Rd5+ {[%clk 0:33:23]} 0-1

[Event "MSR_ch16"]
[Site "?"]
[Date "2024.04.06"]
[Round "2.3"]
[White "Rebro, Damian"]
[Black "Benci, Jozef"]
[Result "1-0"]
[BlackElo "2040"]
[WhiteElo "1825"]
[LiveChessVersion "1.4.8"]

1. e4 c5 {[%clk 1:30:53]} 2. Nf3 {[%clk 1:30:58]} d6 {[%clk 1:31:19]} 3. d4
{[%clk 1:31:21]} cxd4 {[%clk 1:31:36]} 4. Nxd4 {[%clk 1:31:38]} Nf6
{[%clk 1:31:55]} 5. Nc3 {[%clk 1:32:06]} a6 {[%clk 1:32:14]} 6. Rg1
{[%clk 1:32:30]} h6 {[%clk 1:18:01]} 7. g4 {[%clk 1:31:12]} e6 {[%clk 1:14:16]}
8. h4 {[%clk 1:18:27]} g6 {[%clk 0:56:13]} 9. g5 {[%clk 1:09:08]} Nfd7
{[%clk 0:51:40]} 10. h5 gxh5 {[%clk 0:41:34]} 11. Qxh5 {[%clk 0:59:33]} Ne5
{[%clk 0:31:05]} 12. gxh6 {[%clk 0:51:20]} Qb6 {[%clk 0:18:53]} 13. Nb3
{[%clk 0:43:27]} Nbc6 {[%clk 0:14:51]} 14. Be3 {[%clk 0:40:23]} Qc7
{[%clk 0:15:17]} 15. O-O-O {[%clk 0:40:29]} b5 {[%clk 0:13:07]} 16. h7
{[%clk 0:32:37]} Ng6 {[%clk 0:10:33]} 17. f4 Qe7 18. f5 {[%clk 0:27:23]} Qh4
{[%clk 0:08:29]} 19. Qxh4 {[%clk 0:20:37]} Nxh4 {[%clk 0:08:56]} 20. Rh1
{[%clk 0:20:54]} Nf3 {[%clk 0:05:23]} 21. Be2 {[%clk 0:20:40]} Nfe5
{[%clk 0:05:42]} 22. Rdg1 {[%clk 0:20:36]} exf5 {[%clk 0:04:46]} 23. Nd5
{[%clk 0:18:31]} Rb8 {[%clk 0:02:44]} 24. Rg8 {[%clk 0:17:46]} Ng6
{[%clk 0:02:54]} 25. Bg5 {[%clk 0:17:50]} f6 {[%clk 0:00:44]} 26. Bxf6
{[%clk 0:18:02]} Kf7 {[%clk 0:00:39]} 27. Bxh8 {[%clk 0:16:11]} 1-0

[Event "MSR_ch16"]
[Site "?"]
[Date "2024.04.06"]
[Round "2.4"]
[White "Durana, Jonas"]
[Black "Jura, Michal"]
[Result "1-0"]
[BlackElo "1822"]
[WhiteElo "2007"]
[LiveChessVersion "1.4.8"]

1. e4 {[%clk 1:30:57]} d5 {[%clk 1:30:27]} 2. exd5 {[%clk 1:30:57]} Qxd5
{[%clk 1:30:54]} 3. Nc3 {[%clk 1:31:13]} Qa5 {[%clk 1:31:15]} 4. d4
{[%clk 1:31:38]} c6 {[%clk 1:31:37]} 5. Bd2 {[%clk 1:31:56]} Nf6 {[%clk 1:25:45]}
6. h3 {[%clk 1:27:42]} Bf5 {[%clk 1:21:47]} 7. Nf3 {[%clk 1:25:47]} e6
{[%clk 1:14:38]} 8. Bc4 {[%clk 1:04:00]} Qc7 {[%clk 1:08:40]} 9. a4
{[%clk 1:00:25]} Nbd7 {[%clk 1:01:11]} 10. O-O {[%clk 0:52:59]} Bd6
{[%clk 0:54:55]} 11. Be3 {[%clk 0:50:12]} Nb6 {[%clk 0:51:44]} 12. Bd3
{[%clk 0:50:09]} Bg6 {[%clk 0:49:51]} 13. Re1 {[%clk 0:44:57]} Nbd5
{[%clk 0:48:25]} 14. Nxd5 {[%clk 0:44:47]} Nxd5 {[%clk 0:48:44]} 15. Bxg6
{[%clk 0:42:52]} hxg6 {[%clk 0:48:47]} 16. c4 {[%clk 0:43:12]} Nxe3
{[%clk 0:40:56]} 17. Rxe3 {[%clk 0:43:05]} O-O {[%clk 0:40:03]} 18. c5
{[%clk 0:39:21]} Be7 {[%clk 0:35:53]} 19. b4 {[%clk 0:39:29]} b6 {[%clk 0:30:34]}
20. Rb1 {[%clk 0:33:40]} Rab8 {[%clk 0:23:05]} 21. Reb3 {[%clk 0:33:46]} Rfd8
{[%clk 0:21:04]} 22. Qc2 {[%clk 0:29:32]} Bf6 {[%clk 0:19:07]} 23. Qe4
{[%clk 0:26:37]} Rd5 {[%clk 0:17:54]} 24. Rc1 {[%clk 0:24:54]} Rbd8
{[%clk 0:16:25]} 25. Rd3 {[%clk 0:18:52]} e5 {[%clk 0:13:45]} 26. Rdc3
{[%clk 0:14:38]} exd4 {[%clk 0:11:02]} 27. cxb6 {[%clk 0:14:20]} Qxb6
{[%clk 0:11:11]} 28. Rxc6 {[%clk 0:13:36]} Qxb4 {[%clk 0:11:20]} 29. Rc8
{[%clk 0:12:57]} Qd6 {[%clk 0:10:43]} 30. R1c6 {[%clk 0:11:32]} Qd7
{[%clk 0:10:39]} 31. R6c7 {[%clk 0:02:12]} Qe6 {[%clk 0:10:02]} 32. Rxd8+
{[%clk 0:01:53]} Rxd8 {[%clk 0:10:25]} 33. Qxe6 {[%clk 0:01:27]} fxe6
{[%clk 0:10:54]} 34. Kf1 {[%clk 0:01:34]} a5 {[%clk 0:10:08]} 35. Rc5
{[%clk 0:01:53]} d3 {[%clk 0:10:05]} 36. Ke1 {[%clk 0:02:12]} Be7
{[%clk 0:10:08]} 37. Re5 {[%clk 0:02:07]} Kf7 {[%clk 0:10:28]} 38. Re3
{[%clk 0:02:03]} Bc5 {[%clk 0:08:43]} 39. Rxd3 {[%clk 0:01:53]} Rxd3
{[%clk 0:08:39]} 40. Ne5+ {[%clk 0:02:17]} Kf6 {[%clk 0:08:52]} 41. Nxd3
{[%clk 0:02:44]} Bd4 {[%clk 0:09:08]} 42. Ke2 {[%clk 0:02:20]} e5
{[%clk 0:09:19]} 43. Kf3 {[%clk 0:02:21]} Kf5 {[%clk 0:05:47]} 44. g4+
{[%clk 0:19:57]} Ke6 {[%clk 0:34:06]} 45. Ke4 {[%clk 0:20:07]} g5
{[%clk 0:30:45]} 46. Ne1 {[%clk 0:14:50]} Bxf2 {[%clk 0:24:12]} 47. Nf3
{[%clk 0:15:16]} Bg3 {[%clk 0:24:25]} 48. Nxg5+ {[%clk 0:15:29]} Kf6
{[%clk 0:24:48]} 49. Nf3 {[%clk 0:15:12]} g5 {[%clk 0:24:55]} 50. Nd2
{[%clk 0:14:55]} Be1 {[%clk 0:24:18]} 51. Nc4 {[%clk 0:15:21]} Bc3
{[%clk 0:24:42]} 52. Kd5 {[%clk 0:15:42]} e4 {[%clk 0:23:04]} 53. Kxe4
{[%clk 0:15:21]} Ke6 {[%clk 0:23:27]} 54. Kd3 {[%clk 0:13:40]} Be1
{[%clk 0:22:51]} 55. Kd4 {[%clk 0:13:33]} Bf2+ {[%clk 0:23:06]} 56. Ke4
{[%clk 0:14:00]} Be1 {[%clk 0:23:27]} 57. Ne5 {[%clk 0:14:16]} Bc3
{[%clk 0:21:33]} 58. Nd3 {[%clk 0:11:11]} Bf6 {[%clk 0:18:21]} 59. Nc5+
{[%clk 0:11:20]} Kd6 {[%clk 0:13:43]} 60. Nb7+ {[%clk 0:11:44]} Kc6
{[%clk 0:13:47]} 61. Nxa5+ {[%clk 0:12:07]} Kc5 {[%clk 0:14:07]} 62. Nb3+
{[%clk 0:10:52]} Kb6 {[%clk 0:13:52]} 63. Nd4 {[%clk 0:10:43]} 1-0

[Event "MSR_ch16"]
[Site "?"]
[Date "2024.04.06"]
[Round "2.6"]
[White "Gay, Lukas"]
[Black "Carnecky, Viliam"]
[Result "1/2-1/2"]
[BlackElo "1789"]
[WhiteElo "1976"]
[LiveChessVersion "1.4.8"]

1. e4 {[%clk 1:30:57]} c5 {[%clk 1:30:30]} 2. Nf3 {[%clk 1:30:47]} Nc6
{[%clk 1:30:44]} 3. Bb5 {[%clk 1:31:10]} g6 {[%clk 1:30:53]} 4. O-O
{[%clk 1:30:56]} Bg7 {[%clk 1:30:21]} 5. c3 {[%clk 1:30:48]} a6 {[%clk 1:15:27]}
6. Ba4 {[%clk 1:28:44]} b5 {[%clk 1:00:11]} 7. Bc2 {[%clk 1:29:04]} d6
{[%clk 0:54:40]} 8. h3 {[%clk 1:25:57]} Nf6 {[%clk 0:54:23]} 9. d4
{[%clk 1:23:34]} cxd4 {[%clk 0:53:28]} 10. cxd4 {[%clk 1:23:42]} O-O
{[%clk 0:53:19]} 11. Be3 {[%clk 1:20:23]} Bb7 {[%clk 0:51:57]} 12. Nc3
{[%clk 1:17:18]} Rc8 {[%clk 0:49:54]} 13. Qe2 {[%clk 1:15:00]} Na5
{[%clk 0:41:45]} 14. a3 {[%clk 0:59:41]} Nc4 {[%clk 0:32:23]} 15. Bd3
{[%clk 0:59:36]} Nxe3 {[%clk 0:26:09]} 16. Qxe3 {[%clk 0:59:26]} Nd7
{[%clk 0:23:13]} 17. Rac1 {[%clk 0:56:48]} e5 {[%clk 0:21:27]} 18. dxe5
{[%clk 0:52:59]} Nxe5 {[%clk 0:21:00]} 19. Nxe5 {[%clk 0:53:11]} Bxe5
{[%clk 0:20:54]} 20. f4 {[%clk 0:52:31]} Bf6 {[%clk 0:18:57]} 21. Rfd1
{[%clk 0:51:44]} Re8 {[%clk 0:15:14]} 22. Bb1 {[%clk 0:50:08]} Qe7
{[%clk 0:09:49]} 23. Qd2 {[%clk 0:40:14]} Bxc3 {[%clk 0:05:42]} 24. Rxc3
{[%clk 0:39:51]} Rxc3 {[%clk 0:05:13]} 25. bxc3 {[%clk 0:39:50]} Bxe4
{[%clk 0:04:44]} 26. Bxe4 {[%clk 0:39:47]} Qxe4 {[%clk 0:05:09]} 27. Qxd6
{[%clk 0:40:10]} Qe3+ {[%clk 0:04:39]} 28. Kh1 {[%clk 0:40:10]} Qxc3
{[%clk 0:04:27]} 29. Qxa6 {[%clk 0:40:05]} Re1+ {[%clk 0:02:20]} 30. Rxe1
{[%clk 0:40:27]} Qxe1+ {[%clk 0:02:45]} 31. Kh2 {[%clk 0:40:26]} b4
{[%clk 0:03:07]} 32. axb4 {[%clk 0:40:30]} Qxb4 {[%clk 0:03:33]} 33. Qf6
{[%clk 0:40:52]} Qd2 {[%clk 0:02:29]} 34. Kg3 {[%clk 0:39:49]} Qe1+
{[%clk 0:02:34]} 35. Kh2 {[%clk 0:39:53]} 1/2-1/2

[Event "MSR_ch16"]
[Site "?"]
[Date "2024.04.06"]
[Round "2.7"]
[White "Smetana, Peter"]
[Black "Visvader, Kristof"]
[Result "1-0"]
[BlackElo "1740"]
[WhiteElo "1949"]
[LiveChessVersion "1.4.8"]

1. e4 {[%clk 1:30:00]} e5 {[%clk 1:30:38]} 2. Nf3 {[%clk 1:30:24]} Nc6
{[%clk 1:30:20]} 3. d4 {[%clk 1:30:01]} exd4 {[%clk 1:29:48]} 4. Nxd4
{[%clk 1:30:23]} Qh4 {[%clk 1:29:37]} 5. Nc3 {[%clk 1:30:35]} Bb4
{[%clk 1:29:01]} 6. Be2 {[%clk 1:28:23]} Qxe4 {[%clk 1:18:37]} 7. Ndb5
{[%clk 1:28:34]} Kd8 {[%clk 1:14:33]} 8. O-O {[%clk 1:27:10]} Bxc3
{[%clk 1:14:21]} 9. bxc3 {[%clk 1:26:19]} a6 {[%clk 1:13:17]} 10. Bf3
{[%clk 1:25:23]} Qc4 {[%clk 1:09:56]} 11. Be2 {[%clk 1:25:18]} Qe4
{[%clk 1:09:41]} 12. Nd4 {[%clk 1:25:28]} Nxd4 {[%clk 1:08:32]} 13. cxd4
{[%clk 1:25:53]} d5 {[%clk 1:07:05]} 14. Bf3 {[%clk 1:23:36]} Qf5
{[%clk 1:06:08]} 15. Re1 {[%clk 1:21:24]} Nf6 {[%clk 1:04:47]} 16. Re5
{[%clk 1:20:49]} Qd7 {[%clk 1:03:27]} 17. Bg5 {[%clk 1:12:49]} c6
{[%clk 1:02:54]} 18. Qd2 {[%clk 1:02:52]} Re8 {[%clk 0:53:33]} 19. Qa5+
{[%clk 1:02:27]} Qc7 {[%clk 0:47:51]} 20. Rxe8+ {[%clk 1:02:31]} 1-0

[Event "MSR_ch16"]
[Site "?"]
[Date "2024.04.06"]
[Round "2.8"]
[White "Krivosik, Matus"]
[Black "Vargosko, Juraj"]
[Result "1/2-1/2"]
[BlackElo "1936"]
[WhiteElo "1782"]
[LiveChessVersion "1.4.8"]

1. c4 {[%clk 1:30:57]} e5 {[%clk 1:30:42]} 2. g3 {[%clk 1:31:15]} Nc6
{[%clk 1:30:59]} 3. Bg2 {[%clk 1:31:08]} d6 {[%clk 1:31:03]} 4. Nc3
{[%clk 1:31:15]} Be6 {[%clk 1:27:23]} 5. d3 {[%clk 1:31:30]} Be7 {[%clk 1:25:51]}
6. e4 {[%clk 1:31:47]} Bg5 {[%clk 1:22:03]} 7. Nge2 {[%clk 1:28:57]} Bxc1
{[%clk 1:17:44]} 8. Rxc1 {[%clk 1:26:30]} Qd7 {[%clk 1:16:29]} 9. Nd5
{[%clk 1:26:48]} Nge7 {[%clk 1:03:45]} 10. f4 {[%clk 1:22:57]} f5
{[%clk 1:01:53]} 11. O-O {[%clk 1:17:44]} O-O {[%clk 0:49:57]} 12. g4
{[%clk 1:09:20]} fxe4 {[%clk 0:41:41]} 13. Nxe7+ {[%clk 1:05:04]} Qxe7
{[%clk 0:41:21]} 14. f5 {[%clk 1:01:14]} exd3 {[%clk 0:40:45]} 15. Qxd3
{[%clk 1:00:38]} Bd7 {[%clk 0:40:20]} 16. Bd5+ {[%clk 0:40:55]} Kh8
{[%clk 0:40:43]} 17. Ng3 {[%clk 0:40:09]} Qg5 {[%clk 0:30:52]} 18. h3
{[%clk 0:36:32]} Nd4 {[%clk 0:27:07]} 19. Ne4 {[%clk 0:33:10]} Bxf5
{[%clk 0:17:15]} 20. Qxd4 {[%clk 0:25:49]} Qxc1 {[%clk 0:15:02]} 21. Rxc1
{[%clk 0:25:07]} exd4 {[%clk 0:15:22]} 22. gxf5 {[%clk 0:25:20]} Rxf5
{[%clk 0:15:00]} 23. Rd1 {[%clk 0:23:07]} Raf8 {[%clk 0:11:51]} 24. Rxd4
{[%clk 0:21:54]} c6 {[%clk 0:11:15]} 25. Nxd6 {[%clk 0:16:29]} Rf1+
{[%clk 0:11:06]} 26. Kh2 {[%clk 0:14:52]} cxd5 {[%clk 0:11:02]} 27. cxd5
{[%clk 0:12:56]} R1f2+ {[%clk 0:10:28]} 28. Kg3 {[%clk 0:13:19]} Rxb2
{[%clk 0:08:53]} 29. Ne4 {[%clk 0:10:45]} h6 {[%clk 0:07:14]} 30. d6
{[%clk 0:06:02]} Rd8 {[%clk 0:05:26]} 31. Nc5 {[%clk 0:04:53]} Rb6
{[%clk 0:01:22]} 32. d7 {[%clk 0:04:07]} Kg8 {[%clk 0:01:25]} 33. Kf4
{[%clk 0:02:44]} Kf7 {[%clk 0:01:45]} 34. Ke5 {[%clk 0:02:19]} Rb5
{[%clk 0:00:50]} 35. Kd6 {[%clk 0:01:55]} Rxc5 {[%clk 0:01:05]} 36. Kxc5
{[%clk 0:01:40]} Ke6 {[%clk 0:01:31]} 37. Ra4 {[%clk 0:01:33]} Kxd7
{[%clk 0:00:46]} 38. Rxa7 {[%clk 0:01:50]} Kc7 {[%clk 0:01:12]} 39. Ra3
{[%clk 0:02:03]} b6+ {[%clk 0:00:56]} 40. Kb5 {[%clk 0:01:43]} Rd5+
{[%clk 0:03:41]} 41. Kc4 {[%clk 0:01:24]} Ra5 {[%clk 0:01:44]} 42. Rf3
{[%clk 0:23:14]} Kd6 {[%clk 0:30:23]} 43. a3 {[%clk 0:21:10]} Ke6
{[%clk 0:27:33]} 44. Kb4 {[%clk 0:17:21]} g5 {[%clk 0:23:16]} 45. Rf8
{[%clk 0:15:15]} h5 {[%clk 0:23:12]} 46. Rb8 {[%clk 0:14:15]} Re5
{[%clk 0:20:36]} 47. Rxb6+ {[%clk 0:11:53]} Kf5 {[%clk 0:20:55]} 48. Rh6
{[%clk 0:10:14]} Re4+ {[%clk 0:19:52]} 49. Kb5 {[%clk 0:08:14]} Re5+
{[%clk 0:13:42]} 50. Kb4 {[%clk 0:06:01]} Re4+ {[%clk 0:13:22]} 51. Kb5
{[%clk 0:06:27]} Re5+ {[%clk 0:01:10]} 52. Kb4 {[%clk 0:06:55]} 1/2-1/2

[Event "MSR_ch16"]
[Site "?"]
[Date "2024.04.06"]
[Round "2.9"]
[White "Cizmar, Tomas"]
[Black "Kapinaj, Matus"]
[Result "1/2-1/2"]
[BlackElo "1858"]
[WhiteElo "1736"]
[LiveChessVersion "1.4.8"]

1. e4 {[%clk 1:30:58]} c5 {[%clk 1:30:52]} 2. Nf3 {[%clk 1:30:48]} Nc6
{[%clk 1:31:07]} 3. d4 {[%clk 1:29:10]} cxd4 {[%clk 1:31:18]} 4. Nxd4
{[%clk 1:29:37]} Nf6 {[%clk 1:31:43]} 5. Nc3 {[%clk 1:29:52]} d6 {[%clk 1:32:08]}
6. Bg5 {[%clk 1:29:39]} e6 {[%clk 1:32:34]} 7. Qd2 {[%clk 1:29:42]} Bd7
{[%clk 1:32:55]} 8. O-O-O {[%clk 1:28:26]} a6 {[%clk 1:33:18]} 9. f3
{[%clk 1:26:27]} b5 {[%clk 1:33:35]} 10. Nxc6 {[%clk 1:25:36]} Bxc6
{[%clk 1:33:59]} 11. Bd3 {[%clk 1:25:40]} Be7 {[%clk 1:33:58]} 12. Ne2
{[%clk 1:25:25]} d5 {[%clk 1:30:23]} 13. Nd4 {[%clk 1:18:29]} Bb7
{[%clk 1:30:14]} 14. e5 {[%clk 1:16:33]} Nd7 {[%clk 1:30:13]} 15. Bxe7
{[%clk 1:16:54]} Qxe7 {[%clk 1:30:33]} 16. f4 {[%clk 1:17:05]} Rc8
{[%clk 1:29:55]} 17. Rhe1 {[%clk 1:13:09]} Nb6 {[%clk 1:24:32]} 18. f5
{[%clk 1:07:51]} b4 {[%clk 1:17:41]} 19. f6 {[%clk 1:01:16]} gxf6
{[%clk 1:14:01]} 20. exf6 {[%clk 1:00:57]} Qc5 {[%clk 1:13:09]} 21. Nxe6
{[%clk 0:59:54]} fxe6 {[%clk 1:13:02]} 22. Rxe6+ {[%clk 1:00:22]} Kd7
{[%clk 1:12:40]} 23. Re7+ {[%clk 0:58:34]} Kc6 {[%clk 1:12:18]} 24. Rde1
{[%clk 0:58:45]} Rhd8 {[%clk 1:11:18]} 25. Qh6 {[%clk 0:39:52]} Nc4
{[%clk 1:07:19]} 26. f7+ {[%clk 0:32:57]} Nd6 {[%clk 1:04:44]} 27. Re8
{[%clk 0:28:43]} Rxe8 {[%clk 1:01:21]} 28. fxe8=Q+ {[%clk 0:28:36]} Rxe8
{[%clk 1:01:44]} 29. Rxe8 {[%clk 0:28:59]} Qg1+ {[%clk 1:02:00]} 30. Kd2
{[%clk 0:29:04]} Qxg2+ {[%clk 1:01:44]} 31. Re2 {[%clk 0:29:20]} Qg1
{[%clk 1:01:51]} 32. Bxh7 {[%clk 0:27:55]} Qd4+ {[%clk 1:01:45]} 33. Bd3
{[%clk 0:27:59]} Qxb2 {[%clk 1:01:55]} 34. Re6 {[%clk 0:26:25]} Qc3+
{[%clk 1:01:59]} 35. Ke2 {[%clk 0:26:21]} Qc5 {[%clk 1:02:03]} 36. h4
{[%clk 0:26:12]} Bc8 {[%clk 1:01:39]} 37. Rxd6+ {[%clk 0:25:42]} Qxd6
{[%clk 1:01:57]} 38. Qxd6+ {[%clk 0:26:07]} Kxd6 {[%clk 1:02:16]} 39. h5
{[%clk 0:26:32]} Bg4+ 1/2-1/2

[Event "MSR_ch16"]
[Site "?"]
[Date "2024.04.06"]
[Round "2.10"]
[White "Hitka, Dominik"]
[Black "Valach, Alexander"]
[Result "1-0"]
[BlackElo "1000"]
[WhiteElo "1854"]
[LiveChessVersion "1.4.8"]

1. b4 {[%clk 1:30:09]} e5 {[%clk 1:30:33]} 2. Bb2 {[%clk 1:30:31]} d6
{[%clk 1:30:17]} 3. e3 {[%clk 1:28:41]} Nf6 {[%clk 1:30:15]} 4. Bc4
{[%clk 1:28:36]} d5 {[%clk 1:30:15]} 5. Bb3 {[%clk 1:28:32]} e4 {[%clk 1:30:29]}
6. a3 {[%clk 1:28:34]} Bd6 {[%clk 1:30:37]} 7. h3 {[%clk 1:28:08]} O-O
{[%clk 1:30:47]} 8. Ne2 {[%clk 1:26:06]} Be6 {[%clk 1:30:54]} 9. Nd4
{[%clk 1:25:25]} c6 {[%clk 1:30:44]} 10. c4 {[%clk 1:24:12]} b6 {[%clk 1:30:35]}
11. cxd5 {[%clk 1:19:48]} cxd5 {[%clk 1:30:30]} 12. Nxe6 {[%clk 1:18:18]} fxe6
{[%clk 1:30:42]} 13. d3 {[%clk 1:17:56]} Nc6 {[%clk 1:30:58]} 14. O-O
{[%clk 1:15:37]} Qe7 {[%clk 1:31:00]} 15. dxe4 {[%clk 1:14:23]} Nxe4
{[%clk 1:30:35]} 16. Bxd5 {[%clk 1:14:45]} exd5 {[%clk 1:30:39]} 17. Qxd5+
{[%clk 1:15:03]} Kh8 {[%clk 1:30:47]} 18. Qxc6 {[%clk 1:15:01]} Rac8
{[%clk 1:30:05]} 19. Qa4 {[%clk 1:11:18]} Be5 {[%clk 1:30:12]} 20. Bxe5
{[%clk 1:10:45]} Qxe5 {[%clk 1:30:29]} 21. Ra2 {[%clk 1:10:52]} Nc3
{[%clk 1:30:43]} 22. Nxc3 {[%clk 1:11:02]} Qxc3 {[%clk 1:31:06]} 23. Qxa7
{[%clk 1:10:41]} Qb3 {[%clk 1:31:29]} 24. Raa1 {[%clk 1:10:28]} b5
{[%clk 1:31:35]} 25. Qd4 {[%clk 1:10:26]} Qf7 {[%clk 1:31:24]} 26. Rad1
{[%clk 1:09:43]} Rc2 {[%clk 1:31:34]} 27. Rd2 {[%clk 1:10:00]} Rxd2
{[%clk 1:31:30]} 28. Qxd2 {[%clk 1:10:20]} Qb3 {[%clk 1:31:57]} 29. Ra1
{[%clk 1:10:37]} h6 {[%clk 1:32:22]} 30. Qa2 {[%clk 1:11:03]} Qc3
{[%clk 1:31:58]} 31. Rb1 {[%clk 1:11:10]} h5 {[%clk 1:32:05]} 32. Qb3
{[%clk 1:11:13]} Qd2 {[%clk 1:32:27]} 33. Qb2 {[%clk 1:11:02]} Qd6
{[%clk 1:32:41]} 34. Ra1 {[%clk 1:10:53]} Rf6 {[%clk 1:32:57]} 35. Qe2
{[%clk 1:09:58]} Qe5 {[%clk 1:33:18]} 36. Rc1 {[%clk 1:09:57]} g6
{[%clk 1:33:11]} 37. Qd3 {[%clk 1:09:52]} Kh7 {[%clk 1:32:49]} 38. Qd8
{[%clk 1:09:37]} Kh6 {[%clk 1:33:04]} 39. Qh8+ {[%clk 1:09:57]} Kg5
{[%clk 1:32:37]} 40. f4+ {[%clk 1:10:21]} Rxf4 {[%clk 1:32:36]} 41. Qxe5+
{[%clk 1:10:45]} 1-0

[Event "MSR_ch16"]
[Site "?"]
[Date "2024.04.06"]
[Round "2.11"]
[White "Karaba, Rudolf"]
[Black "Hasala, Richard"]
[Result "0-1"]
[BlackElo "1851"]
[WhiteElo "1640"]
[LiveChessVersion "1.4.8"]

1. c4 {[%clk 1:30:24]} e6 {[%clk 1:30:12]} 2. Nc3 {[%clk 1:30:39]} d5
{[%clk 1:30:32]} 3. d4 {[%clk 1:31:00]} Nf6 {[%clk 1:30:57]} 4. Bg5
{[%clk 1:30:31]} Bb4 {[%clk 1:30:42]} 5. Bxf6 {[%clk 1:30:28]} Qxf6
{[%clk 1:30:00]} 6. Nf3 {[%clk 1:30:40]} O-O {[%clk 1:28:58]} 7. a3
{[%clk 1:30:11]} Bxc3+ {[%clk 1:27:31]} 8. bxc3 {[%clk 1:30:34]} b6
{[%clk 1:24:18]} 9. e3 {[%clk 1:28:00]} Bb7 {[%clk 1:24:40]} 10. cxd5
{[%clk 1:26:03]} Bxd5 {[%clk 1:23:17]} 11. Be2 {[%clk 1:25:24]} Nd7
{[%clk 1:21:00]} 12. O-O {[%clk 1:23:12]} Rfd8 {[%clk 1:15:46]} 13. Qa4
{[%clk 1:18:56]} e5 {[%clk 1:10:58]} 14. Rac1 {[%clk 1:13:25]} c5
{[%clk 0:59:19]} 15. c4 {[%clk 1:07:13]} Bc6 {[%clk 0:59:25]} 16. Qd1
{[%clk 1:04:30]} cxd4 {[%clk 0:54:52]} 17. exd4 {[%clk 1:04:40]} e4
{[%clk 0:55:17]} 18. Ne1 {[%clk 1:03:57]} Nc5 {[%clk 0:55:40]} 19. Nc2
{[%clk 1:03:48]} Nb3 {[%clk 0:56:00]} 20. Rb1 {[%clk 1:03:23]} Nxd4
{[%clk 0:56:23]} 21. Nxd4 {[%clk 1:03:37]} Rxd4 {[%clk 0:55:43]} 22. Qc2
{[%clk 1:01:50]} Qg5 {[%clk 0:55:57]} 23. Rbd1 {[%clk 1:01:15]} e3
{[%clk 0:56:11]} 24. f3 {[%clk 1:01:37]} Rd2 {[%clk 0:56:36]} 25. Rxd2
{[%clk 1:01:24]} exd2 {[%clk 0:57:04]} 26. Rd1 {[%clk 1:01:05]} Qe3+
{[%clk 0:57:23]} 27. Kf1 {[%clk 0:59:57]} Rd8 {[%clk 0:57:47]} 28. a4
{[%clk 0:55:41]} g6 {[%clk 0:52:25]} 29. Qa2 {[%clk 0:48:33]} Qc3
{[%clk 0:51:49]} 30. Qa1 {[%clk 0:48:00]} Qb4 {[%clk 0:51:25]} 31. a5
{[%clk 0:46:12]} bxa5 {[%clk 0:46:31]} 32. Rb1 {[%clk 0:46:28]} Qc5
{[%clk 0:46:47]} 33. Qf6 {[%clk 0:46:39]} Qd6 {[%clk 0:46:21]} 34. Qa1
{[%clk 0:46:00]} a4 {[%clk 0:46:12]} 35. h3 {[%clk 0:46:07]} a3 {[%clk 0:42:43]}
36. Bd1 {[%clk 0:46:19]} Qc5 {[%clk 0:42:57]} 37. Be2 {[%clk 0:45:46]} Ba4
{[%clk 0:42:54]} 38. Qa2 {[%clk 0:45:43]} d1=Q+ {[%clk 0:42:43]} 0-1